Centros culturales. Proyección, infraestructura y gestión.
Αποθηκεύτηκε σε:
| Συλλογικό Έργο: | , |
|---|---|
| Μορφή: | Βιβλίο |
| Γλώσσα: | Ισπανικά |
| Έκδοση: |
Valparaíso, Chile:
Consejo Nacional de la Cultura y las Artes,
2009
|
| Θέματα: | |
| Ετικέτες: |
Προσθήκη ετικέτας
Δεν υπάρχουν, Καταχωρήστε ετικέτα πρώτοι!
|
MARC
| LEADER | 00000nam a2200000 a 4500 | ||
|---|---|---|---|
| 001 | UCG3418 | ||
| 003 | CL-VaPUC | ||
| 005 | 20250407202431.0 | ||
| 008 | 100826e20090700CL |||||||||||||||||spa|d | ||
| 999 | |c 342486 |d 342484 | ||
| 020 | |a 978-956-8327-43-9 | ||
| 040 | |c Pontificia Universidad Católica de Valparaíso | ||
| 082 | 0 | 4 | |a 306 CON 2009 |2 21 |
| 110 | |a Consejo Nacional de la Cultura y las Artes (CNCA) |e autor |9 520896 | ||
| 245 | 1 | 0 | |a Centros culturales. |b Proyección, infraestructura y gestión. |
| 260 | |a Valparaíso, Chile: |b Consejo Nacional de la Cultura y las Artes, |c 2009 | ||
| 300 | |a 216 páginas. | ||
| 500 | |a c.3: Instituto Arcos. 08-01-2025 | ||
| 583 | |a last modification |c 20120412 12:57:47 |k Rodrigo Vera | ||
| 650 | 0 | |a Centros culturales |9 373824 |x Políticas públicas |v Ensayos | |
| 650 | 0 | |a Gestión cultural |9 521696 |z Chile y Estados Unidos | |
| 710 | 2 | |a Gobierno de Chile |e author |9 552549 | |
| 942 | |c BK |2 ddc |n 0 | ||
| 945 | |d 20100826 00:00:00 |a mfarfan | ||
| 952 | |0 0 |1 0 |4 0 |6 306_000000000000000_CON_2009 |7 0 |8 C |9 438695 |a BIBCUR |b BIBCUR |d 2019-11-22 |i 469936K |o 306 CON 2009 |p 469936K |r 2025-04-22 |w 2019-11-22 |y BK |k CAC | ||
| 952 | |0 0 |1 0 |4 0 |6 306_000000000000000_CON_2009 |7 0 |8 C |9 438696 |a BIBCUR |b BIBCUR |d 2019-11-22 |i 4699378 |o 306 CON 2009 |p 4699378 |r 2025-04-22 |w 2019-11-22 |y BK |k CAC | ||
| 952 | |0 0 |1 0 |2 ddc |4 0 |6 306_000000000000000_CON_2009 |7 0 |8 A |9 601218 |a BIBINC |b BIBINC |d 2025-03-13 |e Instituto Arcos |i 5666040 |o 306 CON 2009 |p 5666040 |r 2025-03-13 |t 3 |w 2025-03-13 |y BK |k IFP | ||